Services Marketing: (Record no. 207440)

MARC details
000 -LEADER
fixed length control field 00805nam a22002177a 4500
005 - DATE AND TIME OF LATEST TRANSACTION
control field 20241217125035.0
010 ## - LCCN (DPL NO)
LC control number ENG-142893
020 ## - INTERNATIONAL STANDARD BOOK NUMBER
International Standard Book Number 9789380831060
Terms of availability 181.00
035 ## - SYSTEM CONTROL NUMBER
System control number EN-126425
037 ## - SOURCE OF ACQUISITION
Source of stock number/acquisition DBAD
082 ## - DEWEY DECIMAL CLASSIFICATION NUMBER
Classification number 658.8
100 ## - MAIN ENTRY--PERSONAL NAME
Personal name Sudhir, Bodduluri
245 ## - TITLE STATEMENT
Title Services Marketing:
Remainder of title Text and cases/
Statement of responsibility, etc By Bodduluri Sudhir; K V S N Jawahar babu [and] S E V Subtahmanyam
250 ## - EDITION STATEMENT
Edition statement 1
260 ## - PUBLICATION, DISTRIBUTION, ETC. (IMPRINT)
Place of publication, distribution, etc Hyderabad
Name of publisher, distributor, etc Studenthelpline Publishing House Pvt Ltd
Date of publication, distribution, etc 2011
270 ## - ADDRESS
Address #326/C, Surneni Nilayam Near B K Guda, S.R. Nagar
City Hyderabad
Postal code 500038
Telephone number +91-40-23710657
-- +91-40-32494570
Electronic mail address info@studenthelpline.in
300 ## - PHYSICAL DESCRIPTION
Extent vpp.
Dimensions 24cm(pb)
700 ## - ADDED ENTRY--PERSONAL NAME
Personal name babu, K V S N Jawahar
9 (RLIN) 74740
700 ## - ADDED ENTRY--PERSONAL NAME
Personal name Subtahmanyam, S E V
Relator term Author
9 (RLIN) 74741
942 ## - ADDED ENTRY ELEMENTS (KOHA)
Source of classification or shelving scheme Dewey Decimal Classification
Item type English Books
Classification part 625.8
Call number suffix SUB
Holdings
Withdrawn status Lost status Not for loan Collection code Home library Current library Date acquired Source of acquisition Cost, normal purchase price Full call number Barcode Copy number Cost, replacement price Koha item type
      Non-fiction R.K.Puram-8 R.K.Puram-8 05/12/2024 Delivery of Books Act Division 181.00 625.8 SUD EN-126425 1 181.00 English Books

© Delhi Public Library
Hit Counter
free hit counter